| 000 -LEADER |
| fixed length control field |
01140cam a2200289 ab4500 |
| 001 - CONTROL NUMBER |
| control field |
2238457 |
| 003 - CONTROL NUMBER IDENTIFIER |
| control field |
OSt |
| 005 - DATE AND TIME OF LATEST TRANSACTION |
| control field |
20230112133501.0 |
| 008 - FIXED-LENGTH DATA ELEMENTS--GENERAL INFORMATION |
| fixed length control field |
191030t20151977enka c 000 1 eng d |
| 020 ## - INTERNATIONAL STANDARD BOOK NUMBER |
| International Standard Book Number |
9780571313914 |
| Qualifying information |
(paperback) : |
| 040 ## - CATALOGING SOURCE |
| Original cataloging agency |
AU@ |
| Language of cataloging |
eng |
| Description conventions |
aacr2 |
| Transcribing agency |
AU@ |
| Modifying agency |
OCLCO |
| -- |
OCLCF |
| -- |
OCLCO |
| -- |
AUHCL |
| -- |
OCLCQ |
| -- |
OCLCO |
| -- |
NZHWP |
| -- |
OCLCO |
| -- |
TCPL |
| -- |
KH8 |
| 042 ## - AUTHENTICATION CODE |
| Authentication code |
nbic |
| 082 0# - DEWEY DECIMAL CLASSIFICATION NUMBER |
| Classification number |
823.914 KEM |
| 100 1# - MAIN ENTRY--PERSONAL NAME |
| Personal name |
Kemp, Gene. |
| Relator term |
author |
| 245 14 - TITLE STATEMENT |
| Title |
The turbulent term of Tyke Tiler / |
| Statement of responsibility, etc. |
Gene Kemp ; illustrated by Kenny McKendry. |
| 260 ## - PUBLICATION, DISTRIBUTION, ETC. |
| Place of publication, distribution, etc. |
London : |
| Name of publisher, distributor, etc. |
Faber and Faber, |
| Date of publication, distribution, etc. |
2015, c1977. |
| 300 ## - PHYSICAL DESCRIPTION |
| Extent |
151 p. : |
| Other physical details |
ill. ; |
| Dimensions |
20 cm. |
| 490 1# - SERIES STATEMENT |
| Series statement |
Faber classics. |
| 500 ## - GENERAL NOTE |
| General note |
Originally published: London : Faber, 1977. |
| 520 ## - SUMMARY, ETC. |
| Summary, etc. |
Tyke Tiler is very fond of jokes, that's why there are so many in this story. Tyke is also fond of Danny Price, who is not too bright and depends a lot on his friend. Together Tyke and Danny are double trouble. |
| 540 ## - TERMS GOVERNING USE AND REPRODUCTION NOTE |
| Terms governing use and reproduction |
Illustrations copyright 1994. |
| 650 #0 - SUBJECT ADDED ENTRY--TOPICAL TERM |
| Topical term or geographic name entry element |
Schools |
| Geographic subdivision |
England |
| Form subdivision |
Juvenile fiction. |
| 655 #0 - INDEX TERM--GENRE/FORM |
| Genre/form data or focus term |
Humorous stories. |
| 700 1# - ADDED ENTRY--PERSONAL NAME |
| Personal name |
Mckendry, Kenny. |
| 830 #0 - SERIES ADDED ENTRY--UNIFORM TITLE |
| Uniform title |
Faber classics. |
| 942 ## - ADDED ENTRY ELEMENTS (KOHA) |
| Source of classification or shelving scheme |
|
| Koha item type |
Books - Non Ficton |